005330000a2200157000450024501340000065000190013465000160015365000150016965000150018465000140019965100130021365300390022604100140026510000330027977300630031210aRazas geográficas de Pereute charops () con la descripción de una nueva subespecie ()14aBiogeografía14aTaxonomía14aEcología14aEtología14aMariposas 4pMéxico fPieridaegPereuteePereute charops0 aEspañol1 aLlorente Bousquets, Jorge E.1 tAnales del Instituto de Biología3127h56q245-258d1985